Border security : agencies need to better coordinate their strategies and operations on federal lands : report to congressional requesters.

Bibliographic Details
Corporate Author: United States. General Accounting Office
Format: Government Document eBook
Language:English
Published: [Washington, D.C.] : U.S. General Accounting Office, [2004]
Subjects:
Online Access:https://purl.fdlp.gov/GPO/LPS52981

MARC

Tag First Indicator Second Indicator Subfields
LEADER 00000cam a2200000 a 4500
001 in00001997166
005 20211202202432.0
006 m d f
007 cr mn-
008 040826s2004 dcuab s f000 0 eng c
035 |a (OCoLC)ocm56356296 
037 |b GAO (202)512-6000 (voice); (202)512-6061 (Fax); (202)512-2537 (TDD)  |f paper copy 
040 |a GPO  |c GPO  |d DLC  |d MvI  |d UtOrBLW 
042 |a pcc 
043 |a n-us--- 
049 |a WWW 
074 |a 0546-D (online) 
086 0 |a GA 1.13:GAO-04-590 
088 |a GAO-04-590 
110 1 |a United States.  |b General Accounting Office. 
245 1 0 |a Border security :  |b agencies need to better coordinate their strategies and operations on federal lands : report to congressional requesters. 
246 3 0 |a Agencies need to better coordinate their strategies and operations on federal lands 
264 1 |a [Washington, D.C.] :  |b U.S. General Accounting Office,  |c [2004] 
336 |a text  |b txt  |2 rdacontent 
337 |a computer  |b c  |2 rdamedia 
338 |a online resource  |b cr  |2 rdacarrier 
538 |a Mode of access: Internet from GPO Access web site. Address as of 8/19/04: http://frwebgate.access.gpo.gov/cgi-bin/getdoc.cgi?dbname=gao&docid=f:d04590.pdf; current access available via PURL. 
500 |a Title from title screen (viewed on Aug. 19, 2004). 
500 |a "June 2004." 
500 |a Paper version available from: U.S. General Accounting Office, 441 G St., NW, Rm. LM, Washington, D.C. 20548. 
504 |a Includes bibliographical references. 
500 |a "GAO-04-590." 
500 |a Electronic resource. 
650 0 |a Border patrols  |z United States  |x Evaluation. 
650 0 |a Terrorism  |z United States  |x Prevention. 
650 0 |a Intergovernmental cooperation  |z United States. 
856 4 0 |u https://purl.fdlp.gov/GPO/LPS52981  |t 0 
999 |a MARS 
999 f f |s 929f9d49-c5af-3bc3-b391-19386d88589e  |i 660c659f-8193-33d0-a602-a30fc1d9afb1  |t 0 
952 f f |a Texas A&M University  |b College Station  |c Electronic Resources  |d Available Online  |t 0  |e GA 1.13:GAO-04-590  |h Superintendent of Documents classification 
998 f f |a GA 1.13:GAO-04-590  |t 0  |l Available Online